| 000 | 01068nam a22003257a 4500 | ||
|---|---|---|---|
| 003 | OSt | ||
| 005 | 20220107122848.0 | ||
| 008 | 190402b xxu||||| |||| 00| 0 eng d | ||
| 020 | _a9789811357572 | ||
| 040 | _cIIITMK | ||
| 082 | _a621.3822 THA/A | ||
| 100 |
_aThampi, Sabu M (Eds.) _915351 |
||
| 245 |
_aAdvances in signal processing and intelligent recognition systems _cSabu M Thampi |
||
| 260 |
_aSingapore, _bSpringer, _c2019. |
||
| 300 | _axxiv, 466p. | ||
| 440 |
_aSpringer Series in Communication in Computer and Information Science, _vVol. 968 _916350 |
||
| 650 |
_aCOMPUTER SCIECNE _916351 |
||
| 650 |
_aCOMMUNICATION SCIENCE _916352 |
||
| 650 |
_aINFORMATION SCIENCE _916353 |
||
| 650 |
_aSIGNAL PROCESSING _916354 |
||
| 650 |
_aINTELLIGENT RECOGNITION SYSTEMS _916355 |
||
| 650 |
_aPROCEEDINGS _916356 |
||
| 650 |
_aSIRS 2018 _916357 |
||
| 700 |
_aMarques, Oge _915352 |
||
| 700 |
_aKrishnan, Sri _915353 |
||
| 700 |
_aLi, Kuan Ching _915354 |
||
| 700 |
_aCiuonzo, Domenico _915355 |
||
| 700 |
_aKolekar, Maheshkumar H _915356 |
||
| 942 |
_2ddc _cBK |
||
| 999 |
_c6400 _d6400 |
||